000 00647nam a2200253Ia 4500
003 OSt
005 20221007110239.0
006 a|||||r|||| 00| 0
007 ta
008 221006b |||||||| |||| 00| 0 eng d
024 _a20,709
037 _cTextual
040 _aLCO
_cLCO
_beng
041 _2eng
_aeng
082 _aZ1, M2
100 _aBhattacharya K.K.
_9682862
245 0 _aPublic International Law
250 _a6th
260 _aAllahabad
_bCentral Law Agency India
_c1982
300 _a509
650 _aPUBLIC INTERNATIONAL LAW
942 _hZ1, M2
_cTEXL
999 _c1190272
_d1190272